LEADER 01713oam 2200457zu 450 001 9910164726203321 005 20210807002225.0 010 $a0-8031-4593-4 035 $a(CKB)3170000000044838 035 $a(SSID)ssj0001490130 035 $a(PQKBManifestationID)11836936 035 $a(PQKBTitleCode)TC0001490130 035 $a(PQKBWorkID)11459633 035 $a(PQKB)10717738 035 $a(EXLCZ)993170000000044838 100 $a20160829d1970 uy 101 0 $aeng 181 $ctxt 182 $cc 183 $acr 200 10$aIrradiation Effects on Structural Alloys for Nuclear Reactor Applications 210 31$a[Place of publication not identified]$cAmerican Society for Testing & Materials$d1970 225 0 $aASTM special technical publication, 461 Rapid test methods for the determination of bitumen content in bituminous mixtures 300 $aBibliographic Level Mode of Issuance: Monograph 311 $a0-8031-0014-0 606 $aBituminous materials$xTesting 606 $aChemical & Materials Engineering$2HILCC 606 $aEngineering & Applied Sciences$2HILCC 606 $aMaterials Science$2HILCC 615 0$aBituminous materials$xTesting 615 7$aChemical & Materials Engineering 615 7$aEngineering & Applied Sciences 615 7$aMaterials Science 676 $a620.1/96 712 02$aASTM Committee D-4 on Road and Paving Materials 712 12$aSymposium on Rapid Test Methods for the Determination of Bitumen Content in Bituminous Mixtures 801 0$bPQKB 906 $aBOOK 912 $a9910164726203321 996 $aIrradiation Effects on Structural Alloys for Nuclear Reactor Applications$92244496 997 $aUNINA LEADER 01948nam 2200469 450 001 9910707154903321 005 20170512111231.0 035 $a(CKB)5470000002461949 035 $a(OCoLC)948297208 035 $a(EXLCZ)995470000002461949 100 $a20160429d2015 ua 0 101 0 $aeng 135 $aurbn||||a|||| 181 $ctxt$2rdacontent 182 $cc$2rdamedia 183 $acr$2rdacarrier 200 10$aAtomic energy $enuclear safety : agreement between the United States of America and Poland extending the Arrangement of September 22, 2010 signed at Vienna, September 16, 2015 210 1$a[Washington, D.C.] :$cUnited States Department of State,$d[2015?] 215 $a1 online resource (6 unnumbered pages) 225 1 $aTreaties and other international acts series ;$v15-916 300 $aTitle from title screen (viewed on April 29, 2016). 517 3 $aAgreement between the United States of America and Poland extending the Arrangement of September 22, 2010 signed at Vienna, September 16, 2015 606 $aNuclear facilities$zUnited States$xSafety measures 606 $aNuclear facilities$zPoland$xSafety measures 606 $aCommunication of technical information$zUnited States 606 $aCommunication of technical information$zPoland 606 $aNuclear facilities$xSafety measures$xInternational cooperation 608 $aTreaties.$2lcgft 615 0$aNuclear facilities$xSafety measures. 615 0$aNuclear facilities$xSafety measures. 615 0$aCommunication of technical information 615 0$aCommunication of technical information 615 0$aNuclear facilities$xSafety measures$xInternational cooperation. 712 02$aUnited States.$bDepartment of State, 712 02$aPoland, 712 02$aUnited States, 801 0$bGPO 801 1$bGPO 906 $aBOOK 912 $a9910707154903321 996 $aAtomic energy$92245291 997 $aUNINA